Social Dilemmas : (Record no. 618863)

MARC details
000 -LEADER
fixed length control field 00489nam a2200193 a 4500
008 - FIXED-LENGTH DATA ELEMENTS--GENERAL INFORMATION
fixed length control field 260407s1992##################000#0#eng##
020 ## - INTERNATIONAL STANDARD BOOK NUMBER
ISBN 9780080377759
082 04 - DEWEY DECIMAL CLASSIFICATION NUMBER
Classification number 361.1
Item number LI
100 1# - MAIN ENTRY--AUTHOR NAME
Personal name Liebrand, Wim B. G.,
245 10 - TITLE STATEMENT
Title Social Dilemmas :
260 ## - PUBLICATION, DISTRIBUTION, ETC. (IMPRINT)
Name of publisher Garland Science,
Year of publication 1992.
300 ## - PHYSICAL DESCRIPTION
Number of Pages 334 pages
650 #0 - SUBJECT ADDED ENTRY--TOPICAL TERM
Topical Term Psychology.
942 ## - ADDED ENTRY ELEMENTS (KOHA)
Koha item type English Books

No items available.

Find us on the map